Metódy vedeckej práce v doktorandskom vzdelávaní

Vedecký jazyk a jeho charakteristika. Metodológia, metóda a metodika vo vedeckej práci. Všeobecné metódy vedeckej práce. Hypotézy vo vedeckej práci. Experiment ako metóda bádania. Kvalitatívny výskum. Prípadové štúdie.

Salvato in:
Dettagli Bibliografici
Autore principale: Lesáková, Dagmar, 1949-
Natura: Capitolo di libro
Lingua:slovacco
Soggetti:
Tags: Aggiungi Tag
Nessun Tag, puoi essere il primo ad aggiungerne!!

MARC

LEADER 00000nla a2200000 4500
001 0163784
005 20240502072840.9
041 0 |a slo 
044 |a SK 
245 1 0 |a Metódy vedeckej práce v doktorandskom vzdelávaní  |c Dagmar Lesáková 
520 |a Vedecký jazyk a jeho charakteristika. Metodológia, metóda a metodika vo vedeckej práci. Všeobecné metódy vedeckej práce. Hypotézy vo vedeckej práci. Experiment ako metóda bádania. Kvalitatívny výskum. Prípadové štúdie. 
610 2 0 |a práca vedecká 
610 2 0 |a veda 
610 2 0 |a metodológia 
610 2 0 |a metodológia vied 
610 2 0 |a metodika 
610 2 0 |a metódy 
610 2 0 |a výskum 
610 2 0 |a hypotézy 
610 2 0 |a experimenty 
610 2 0 |a štúdie prípadové 
610 2 0 |a vzdelávanie vysokoškolské 
100 1 |a Lesáková, Dagmar, 1949-